Banská Bystrica

Zobrazenie:

Bibliographic Details
Other Authors: Větroň, J. (fotograf) (Photographer)
Format: Photo
Language:Slovak
PhysicalDescription:1 pohľadnica (4 čiastkové pohľady) farebná 11 x 15 cm
Published: Praha Panorama [medzi 1978 a 1988?]
Subjects:

MARC

LEADER 00000nkm a2200000 a 4500
001 vtls012063188
003 SK-MaSNL
005 20260331212412.0
007 kf co
008 210726q1978 xr g 0kuslo
015 |a SNBG 
040 |a SNK  |b slo  |c SNK  |e AACR2 
041 0 |a slo 
043 |a e-xo--- 
044 |a xr  |c CZ 
072 7 |a 913  |x Regionálna geografia  |2 konspekt 
080 |a 913(437.6)  |2 2011 
080 |a 904(084.121)  |2 2011 
100 1 |a Větroň, J.  |c (fotograf)  |4 pht  |9 62681 
245 1 0 |a Banská Bystrica  |h grafika  |c foto J. Větroň 
246 1 |i Názov na obrazovej časti:  |a Banská Bystrica 
260 |a Praha  |b Panorama  |c [medzi 1978 a 1988?]  |e Č. Kostelec  |f SG 
300 |a 1 pohľadnica (4 čiastkové pohľady)  |b farebná  |c 11 x 15 cm 
520 8 |a Zobrazenie: 
651 7 |a Banská Bystrica (Slovensko)  |2 SNKPHgeo  |9 22015 
655 7 |a pohľadnice kultúrnych pamiatok  |2 SNKPH  |9 70523 
655 7 |a miestne pohľadnice  |2 SNKPH  |9 70510 
958 |a GBN 
958 |a GC 
958 |a OND 
999 |c 911526  |d 913456 
952 |a SNK  |b SNK  |y PREZ  |7 0  |p 17A1282481  |o snkSP 140077  |i snk3043/88  |0 0  |1 0  |4 0  |d 2021-07-26  |l 0  |r 2026-02-24 07:46:04  |w 2026-02-24 
952 |a SNK  |b SNK  |y PREZ  |7 0  |p 17A1282480  |o snkSP 140077 D1  |i snk3044/88  |0 0  |1 0  |4 0  |d 2021-07-26  |l 0  |r 2026-02-24 07:46:04  |w 2026-02-24